[Event "11th Kheireddine Ameyar Mem 2012"]
[Site "Algiers ALG"]
[Date "2012.11.17"]
[Round "3.2"]
[White "Malakhatko,V"]
[Black "Arab,A"]
[Result "0-1"]
[WhiteElo "2550"]
[BlackElo "2428"]

1.Nf3 Nf6 2.c4 e6 3.d4 b6 4.g3 Ba6 5.b3 Bb4+ 6.Bd2 Be7 7.Nc3 c6 8.e4 d5 9.Qc2 dxe4
10.Nxe4 c5 11.Bc3 Bb7 12.Bd3 Nbd7 13.O-O-O cxd4 14.Nxd4 a6 15.Rhe1 Qc7 16.Nxf6+ Nxf6
17.Kb1 O-O 18.g4 Qf4 19.Nf5 exf5 20.Rxe7 Bf3 21.Rde1 fxg4 22.R7e5 Rad8 23.Rf5 Qd6
24.Re3 Rfe8 25.Be5 Qc6 26.Kb2 Nd7 27.Bc3 Rxe3 28.fxe3 Nc5 29.Rxc5 bxc5 30.Bxh7+ Kh8
31.Bf5 Qh6 32.Qf2 Re8 33.e4 Bxe4 34.Bxe4 Rxe4 35.Ka3 Qc1+ 36.Bb2 Qe1 37.Qxc5 f6
38.Qh5+ Kg8 39.Qd5+ Re6 40.Bc3 Qe4 41.Qd7 Qc6 42.Qd8+ Kh7 43.Bd4 Re2 44.Qb8 Qg2  0-1

[Event "TCh-HUN 2012-13"]
[Site "Mako HUN"]
[Date "2012.11.18"]
[Round "4"]
[White "Erdos,B"]
[Black "Takacs,G"]
[Result "1/2-1/2"]
[WhiteElo "2176"]
[BlackElo "2264"]

1.d4 Nf6 2.c4 e6 3.Nf3 b6 4.g3 Ba6 5.Qa4 Bb7 6.Bg2 c5 7.dxc5 Bxc5 8.O-O O-O
9.Nc3 d5 10.Rd1 Qc8 11.cxd5 Nxd5 12.Ne4 Nd7 13.Nxc5 Nxc5 14.Qh4 a5 15.Bd2 Qe8
16.e4 Nf6 17.e5 Nd5 18.Ng5 h6 19.Ne4 Nxe4 20.Bxe4 Qd8 21.Qh5 f5 22.Bg2 Qe8
23.Qh4 Rc8 24.Rac1 Qd7 25.Qd4  1/2-1/2

[Event "XXVI Belgrade Trophy 2012"]
[Site "Belgrade SRB"]
[Date "2012.11.24"]
[Round "1.33"]
[White "Stamenkovic,A"]
[Black "Marinkov,S"]
[Result "1-0"]
[WhiteElo "2312"]
[BlackElo "1898"]

1.Nf3 Nf6 2.d4 e6 3.c4 b6 4.g3 Ba6 5.b3 Bb4+ 6.Bd2 Be7 7.Nc3 O-O 8.Bg2 c6
9.e4 d5 10.Ne5 dxc4 11.Nxc4 Qxd4 12.Rc1 Rd8 13.Ne2 Qd7 14.Qc2 c5 15.Nf4 Nc6
16.Bc3 Rac8 17.O-O Nd4 18.Qb2 Qe8 19.Rfd1 Nc6 20.e5 Ng4 21.Nd6 Bxd6 22.exd6 Qf8
23.d7 Rc7 24.Bh3 Nxf2 25.Kxf2 Rcxd7 26.Rxd7 Rxd7 27.Kg1 Nd8 28.Nh5 c4 29.b4 Rd3
30.Bxg7 Qd6 31.Nf6+  1-0

[Event "British Rapidplay"]
[Site "Leeds ENG"]
[Date "2012.11.24"]
[Round "6.3"]
[White "Croad,N"]
[Black "Wells,P"]
[Result "1/2-1/2"]
[WhiteElo "2282"]
[BlackElo "2488"]

1.d4 Nf6 2.c4 e6 3.Nf3 b6 4.g3 Ba6 5.Qc2 Bb7 6.Bg2 c5 7.d5 exd5 8.cxd5 Nxd5
9.O-O Be7 10.Qe4 Bc6 11.Ne5 Nf6 12.Nxc6 Nxc6 13.Qa4 Nd4 14.Nc3 b5 15.Nxb5 Nxe2+
16.Kh1 Nxc1 17.Raxc1 Rb8 18.Rfe1 O-O 19.Re2 d5 20.Rce1 Qd7 21.Qxa7 Qxb5 22.Rxe7 Qxb2
23.Qxc5 Rbc8 24.Qa7 Ra8 25.Qc5 Qxa2 26.Kg1 h6 27.h3 Rac8 28.Qd4 Qc4 29.Qd2 d4
30.Rd1 Rfd8 31.Ra7 Rc7 32.Qa5 Rcd7 33.Rxd7 Rxd7 34.Qa8+ Kh7 35.Be4+ Nxe4
36.Qxe4+ g6 37.Rd3 Qd5 38.Qf4 Re7 39.Kh2 Re1 40.Qf3 Qc4 41.Kg2 Kg7 42.Kh2 h5
43.Kg2 Re6 44.Qd1 Qd5+ 45.Qf3 Qxf3+ 46.Kxf3 Rd6  1/2-1/2

[Event "XXVI Belgrade Trophy 2012"]
[Site "Belgrade SRB"]
[Date "2012.11.28"]
[Round "5.25"]
[White "Jokic,Mio"]
[Black "Carnic,S"]
[Result "0-1"]
[WhiteElo "2119"]
[BlackElo "2341"]

1.d4 Nf6 2.Nf3 e6 3.c4 b6 4.g3 Ba6 5.b3 Bb4+ 6.Bd2 c5 7.Bg2 Bb7 8.O-O O-O
9.Bxb4 cxb4 10.a3 Na6 11.axb4 Nxb4 12.Nc3 Qe7 13.Re1 Ne4 14.Nxe4 Bxe4 15.Nd2 Bxg2
16.Kxg2 d5 17.Qb1 Rfd8 18.Nf3 Rac8 19.Rc1 Qb7 20.cxd5 Nxd5 21.Rxc8 Rxc8 22.Qd3 a5
23.Qd2 Qc6 24.Rb1 h6 25.h3 Qc2 26.Rb2 Qe4 27.Kh2 f6 28.Kg2 Rc7 29.Kh2 g5
30.Ne1 h5 31.Qd3 Qxd3 32.Nxd3 Nb4 33.Nxb4 axb4 34.Ra2 Rc3 35.Ra6 Rxb3 36.Rxb6 Kf7
37.e4 Rb1 38.Kg2 b3 39.Kf3 b2 40.Ke2 Ke7 41.Kd2 Rf1 42.Rxb2 Rxf2+ 43.Kc3 Rxb2
44.Kxb2 f5 45.exf5 exf5 46.Kc2 g4 47.hxg4 f4 48.Kd3 fxg3 49.Ke3 h4 50.Kf3 Ke6
51.Kg2 Kd5 52.g5 Ke6 53.g6 Kf6 54.d5 Kxg6 55.d6 Kf6 56.d7 Ke7 57.d8=Q+ Kxd8
58.Kh3 Ke7 59.Kg2 Kf6 60.Kh3 Kf5 61.Kg2 Kg4 62.Kh1 h3 63.Kg1 Kf3 64.Kh1 g2+
65.Kg1 h2+  0-1

[Event "35th ch-GRE w 2012"]
[Site "Athens GRE"]
[Date "2012.12.01"]
[Round "8"]
[White "Grapsa,G"]
[Black "Markantonaki,H"]
[Result "0-1"]
[WhiteElo "2051"]
[BlackElo "2197"]

1.d4 Nf6 2.Nf3 e6 3.c4 b6 4.g3 Ba6 5.b3 Bb4+ 6.Bd2 Be7 7.Bg2 c6 8.O-O O-O
9.Ne5 d5 10.Bc3 Nfd7 11.cxd5 cxd5 12.Nd2 Nxe5 13.dxe5 Nd7 14.Re1 Rc8 15.Bb2 Bb4
16.a3 Bc3 17.Bxc3 Rxc3 18.Nf3 Qc7 19.b4 Rc8 20.Qd4 Rc4 21.Qb2 Rc2 22.Qd4 Rxe2
23.Rxe2 Bxe2 24.Re1 Bxf3 25.Bxf3 Qc3 26.Qd1 Nxe5 27.Bg2 Nc4 28.h4 Qd2  0-1

[Event "Doroshkevicha Mem Open 2012"]
[Site "Sochi RUS"]
[Date "2012.12.03"]
[Round "8"]
[White "Tunik,G"]
[Black "Oganyan,A"]
[Result "1-0"]
[WhiteElo "2442"]
[BlackElo "2261"]

1.d4 Nf6 2.c4 e6 3.Nf3 b6 4.g3 Ba6 5.Qb3 Nc6 6.Nbd2 Na5 7.Qa4 c5 8.dxc5 bxc5
9.Bg2 Bb7 10.O-O Qc7 11.Nb3 Nxb3 12.axb3 Bc6 13.Qa6 Bd6 14.Rd1 O-O 15.Ne1 Rfb8
16.Bxc6 dxc6 17.Qa3 h5 18.Nf3 Rb7 19.Rd3 e5 20.Nh4 e4 21.Rd1 g6 22.Be3 Rb4
23.Qa5 Rxb3 24.Qxc7 Bxc7 25.Bxc5 Bb6 26.Bd6 Ng4 27.c5 Bd8 28.h3 Nh6 29.Be5 Be7
30.Ra5 Rb7 31.Ng2 Nf5 32.g4 hxg4 33.hxg4 Ng7 34.Nf4 Ne8 35.Bc3 Bf6 36.e3 Bxc3
37.bxc3 Nf6 38.Rd6 Nxg4 39.Rxc6 Rb1+ 40.Kg2 Kg7 41.Nh3 Rb3 42.Ra4 Nf6 43.Ng5 Rb7
44.Nxe4 Nxe4 45.Rxe4 a5 46.Ra4 Kf8 47.Kf3 Rb2 48.Rb6 Rc2 49.c4 Ke7 50.Rb7+ Ke6
51.c6 Rc8 52.Rb6 Rc7 53.Kg3 Kd6 54.Ra6 Rxc6 55.Rxc6+ Kxc6 56.Rxa5 Rxc4 57.Ra7 f5
58.Ra6+ Kd7 59.Rxg6 Ke7 60.Rh6 Rg4+ 61.Kf3 Rb4 62.Rg6 Ra4 63.Kg3 Rb4 64.f3 Ra4
65.Rh6 Rb4 66.Rh4 Rb3 67.Kf4 Rb4+ 68.Kg5 Rb3 69.Rh7+ Ke6 70.Rh6+ Ke5 71.f4+ Kd5
72.Kxf5 Rxe3 73.Ra6 Re8 74.Kg6 Rg8+ 75.Kf7 Rb8 76.f5 Ke5 77.f6 Rb7+ 78.Kg8 Rb1
79.f7 Rg1+ 80.Kh7  1-0

[Event "Doroshkevicha Mem Open 2012"]
[Site "Sochi RUS"]
[Date "2012.12.04"]
[Round "9"]
[White "Brodsky,M"]
[Black "Tunik,G"]
[Result "1-0"]
[WhiteElo "2563"]
[BlackElo "2442"]

1.d4 Nf6 2.c4 e6 3.Nf3 b6 4.g3 Ba6 5.b3 Bb4+ 6.Bd2 Be7 7.Bg2 c6 8.O-O d5
9.Qc2 Nbd7 10.Rd1 Rc8 11.Nc3 O-O 12.Bf4 Nh5 13.Bc1 f5 14.a4 Bd6 15.a5 b5
16.c5 Bc7 17.Na2 Qe8 18.Nb4 Nb8 19.Ne5 Bxe5 20.dxe5 Rc7 21.f3 Bc8 22.Nd3 g6
23.Bg5 Na6 24.e4 fxe4 25.fxe4 Rcf7 26.g4 Ng7 27.Rd2 dxe4 28.Bxe4 Nc7 29.Nf2 Nd5
30.Bg2 Qd7 31.Ne4 Qc7 32.Nd6 Rd7 33.Rf2 Rxf2 34.Qxf2 Ba6 35.Rf1 Qb8 36.Bxd5 cxd5
37.c6 Rc7 38.Qf6 b4 39.Rf2 h5 40.Qxg6 hxg4 41.Bh6  1-0

[Event "TCh-CZE Div1 Vychod 2012-13"]
[Site "Czech Republic CZE"]
[Date "2012.12.09"]
[Round "4.7"]
[White "Buran,J"]
[Black "Holeksa,Z"]
[Result "1/2-1/2"]
[WhiteElo "2230"]
[BlackElo "2132"]

1.d4 Nf6 2.Nf3 e6 3.c4 b6 4.g3 Ba6 5.b3 Bb4+ 6.Bd2 Be7 7.Nc3 d5 8.cxd5 exd5
9.Bg2 O-O 10.O-O Ne4 11.Qc2 Nxd2 12.Nxd2 c6 13.Rfd1 Bf6 14.e3 Bb7 15.Rac1 Na6
16.Na4 Qe7 17.Nf3 g6 18.h4 Rfe8 19.Bh3 Kg7 20.Qd3 c5 21.Qb5 Nb8 22.Qe2 Na6
23.Qb5 Nb8 24.Qe2 Na6 25.Nc3 Nc7 26.Bg2 Rad8 27.Na4 Ne6 28.dxc5 bxc5 29.Qb5 a6
30.Qa5 d4 31.exd4 cxd4 32.Nc5 Nxc5 33.Rxc5 Qd6 34.Qc7 Bxf3 35.Bxf3 Qxc7 36.Rxc7 d3
37.Kf1 Re5 38.Bg4 Rd6 39.Rd7 Red5 40.Rxd6 Rxd6 41.Bf3 Bc3 42.Rc1 Bb4 43.Rc6 Rd7
44.a3 Bxa3 45.Rxa6 Bb2 46.Rc6 d2 47.Bd1 Re7 48.Be2 Rd7 49.Bd1  1/2-1/2

[Event "ch-IRI 2012"]
[Site "Zahedan IRI"]
[Date "2012.12.12"]
[Round "8.3"]
[White "Kowsarinia,A"]
[Black "Ghaem Maghami,E"]
[Result "1-0"]
[WhiteElo "2289"]
[BlackElo "2572"]

1.d4 Nf6 2.c4 e6 3.Nf3 b6 4.g3 Ba6 5.Qc2 c5 6.d5 exd5 7.cxd5 g6 8.Bf4 d6
9.Nc3 Bg7 10.Qa4+ b5 11.Nxb5 O-O 12.Rd1 Ne4 13.Bc1 Re8 14.Nc7  1-0

[Event "XI Mario Covas Jr"]
[Site "Santos BRA"]
[Date "2012.12.14"]
[Round "7.3"]
[White "Milos,G"]
[Black "Sega,C"]
[Result "1-0"]
[WhiteElo "2586"]
[BlackElo "2252"]

1.d4 Nf6 2.c4 e6 3.Nf3 b6 4.g3 Ba6 5.Nbd2 Be7 6.Bg2 c6 7.O-O d5 8.Ne5 Nfd7
9.Nxd7 Nxd7 10.b3 f5 11.f3 O-O 12.e4 c5 13.exd5 exd5 14.f4 Nf6 15.Bb2 Rc8
16.Re1 cxd4 17.cxd5 Bb4 18.Re5 Bc3 19.Bxc3 dxc3 20.Nc4 c2 21.Qxc2 b5 22.Qxf5 bxc4
23.Qe6+ Kh8 24.Qxa6 c3 25.Qxa7 c2 26.Rc1 Ng4 27.Re2 Re8 28.Rxe8+ Qxe8 29.Bf3  1-0

[Event "ITT Cerrado LAB IM 2012"]
[Site "Bogota COL"]
[Date "2012.12.17"]
[Round "1.5"]
[White "Salazar,Ca"]
[Black "Condori,E"]
[Result "1/2-1/2"]
[WhiteElo "2169"]
[BlackElo "2205"]

1.d4 Nf6 2.c4 e6 3.Nf3 b6 4.g3 Ba6 5.b3 Bb4+ 6.Bd2 Be7 7.Bg2 d5 8.Bc3 c6
9.Nbd2 b5 10.c5 Nfd7 11.b4 f5 12.O-O Qc7 13.Qc2 O-O 14.Rfb1 Bf6 15.e3 g6
16.Qb2 Re8  1/2-1/2

[Event "11th IM Int"]
[Site "Sao Jose do Rio Preto BRA"]
[Date "2012.12.17"]
[Round "1.3"]
[White "Oliveira,Si"]
[Black "Gallo Ponce,E"]
[Result "0-1"]
[WhiteElo "2321"]
[BlackElo "2248"]

1.Nf3 Nf6 2.c4 b6 3.d4 e6 4.g3 Ba6 5.b3 Bb4+ 6.Bd2 c5 7.Bg2 Bb7 8.dxc5 Bxc5
9.O-O O-O 10.Bf4 Qe7 11.Nc3 Ne4 12.Qc2 Nxc3 13.Qxc3 Be4 14.Rfd1 Nc6 15.Ne5 Bxg2
16.Kxg2 Nxe5 17.Qxe5 Rac8 18.Rd3 f6 19.Qe4 Rfd8 20.Rad1 g5 21.Bc1 Rc7 22.Bb2 Rf8
23.h4 d6 24.Qg4 e5 25.Rf3 Qe8 26.hxg5 f5 27.Qh4 Qg6 28.Qh6 Rg7 29.Bc1 Qe8
30.Rfd3 Rg6 31.Qh5 Rf7 32.Rh1 b5 33.Rf3 Qd7 34.Rh4 bxc4 35.bxc4 Qe6 36.Rb3 Bb6
37.Be3 d5 38.Bxb6 dxc4 39.Rc3 Qc6+ 40.f3 Qxb6 41.Rhxc4 Kg7 42.Rh4 h6 43.gxh6+ Kh7
44.Rhc4 a5 45.Rc6 Rxg3+ 46.Kxg3 Qg1+ 47.Kh3 Qh1+ 48.Kg3 Qxh5  0-1

[Event "Norberto La Porta Open A"]
[Site "Buenos Aires ARG"]
[Date "2012.12.27"]
[Round "9"]
[White "Cativelli,G"]
[Black "Ricardi,P"]
[Result "0-1"]
[WhiteElo "2170"]
[BlackElo "2507"]

1.d4 Nf6 2.c4 e6 3.Nf3 b6 4.g3 Ba6 5.b3 c6 6.Bg2 d5 7.O-O Be7 8.Ne5 O-O 9.Bb2 Nfd7
10.Nxd7 Nxd7 11.Nd2 Rb8 12.Rc1 b5 13.cxd5 cxd5 14.Nf3 b4 15.Qd2 Bb7 16.Rc2 a5
17.Ne5 a4 18.bxa4 Nb6 19.a5 Nc4 20.Qc1 Nxe5 21.dxe5 Qxa5 22.Bd4 Ba6 23.Qd2 Rfc8
24.Rfc1 Rxc2 25.Rxc2 Bc4 26.h4 h6 27.e4 Ra8 28.exd5 Bxd5 29.Qe2 Bxg2 30.Kxg2 Rd8
31.Qc4 Qa8+ 32.Kh2 Qf3 33.Rd2 Qe4 34.Rd1 Bxh4  0-1

[Event "Pan-Am Intercollegiate 2012"]
[Site "Princeton USA"]
[Date "2012.12.29"]
[Round "5"]
[White "Ramachandran,Karthik N"]
[Black "Shen,V"]
[Result "1/2-1/2"]
[WhiteElo "2080"]
[BlackElo "2419"]

1.d4 Nf6 2.c4 e6 3.Nf3 b6 4.g3 Ba6 5.Qb3 Bb7 6.Bg2 c5 7.dxc5 Bxc5 8.O-O Be7
9.Bf4 O-O 10.Rd1 Na6 11.Nc3 d6 12.Rac1 Qb8 13.Qc2 Nc5 14.b3 h6 15.Qd2 Rd8
16.h4 Bf8 17.Ne1 Bxg2 18.Kxg2 Qb7+ 19.f3 Nh5 20.Be3 a6 21.Nd3 Nd7 22.a4 Nhf6
23.Qb2 Rac8 24.Bf2 Ne8 25.e4 Nc7 26.Rc2 Nf6 27.Rcd2 Be7 28.Qa1 Nd7 29.Bd4 Bf8
30.Qb2 b5 31.cxb5 axb5 32.a5 b4 33.Na4 Qb5 34.Nb6 Rb8 35.Qa1 d5 36.exd5 Nxd5
37.Nxd5 Qxd5 38.Nf4 Qa8 39.Bf2 Nc5 40.Rxd8 Rxd8 41.Rxd8 Qxd8 42.a6 Nxb3 43.Qa4 Nc5
44.Qc6 Nxa6 45.Qxa6 Qd2 46.Qe2 Qc3 47.Qd3 Qb2 48.Qd4 Qc2 49.Qd3 Qb2 50.Qd4 Qc2
51.Qd3 Qa2 52.Ne2 Qb2  1/2-1/2

[Event "36th Zurich Christmas Open"]
[Site "Zuerich SUI"]
[Date "2012.12.29"]
[Round "5.10"]
[White "Sanikidze,T"]
[Black "Knoedler,D"]
[Result "1-0"]
[WhiteElo "2567"]
[BlackElo "2342"]

1.Nf3 Nf6 2.c4 e6 3.g3 b6 4.d4 Ba6 5.Qa4 Bb7 6.Bg2 c5 7.dxc5 Bxc5 8.O-O O-O
9.Nc3 Be7 10.Rd1 d6 11.Bf4 a6 12.Ng5 Bxg2 13.Kxg2 Ra7 14.Nge4 Nxe4 15.Nxe4 Rd7
16.Rd3 f5 17.Nc3 Qc7 18.Qb3 Rc8 19.Na4 Qc6+ 20.Kg1 Rb7 21.Rad1 Qxc4 22.Rc3  1-0

[Event "21st Donau Open 2012"]
[Site "Aschach AUT"]
[Date "2012.12.31"]
[Round "7"]
[White "Diermair,A"]
[Black "Wertjanz,Dav"]
[Result "1-0"]
[WhiteElo "2407"]
[BlackElo "2259"]

1.d4 Nf6 2.c4 e6 3.Nf3 b6 4.g3 Ba6 5.Qc2 Bb4+ 6.Bd2 Be7 7.e4 d5 8.cxd5 Bxf1
9.Kxf1 exd5 10.e5 Ne4 11.Nc3 Nxc3 12.bxc3 Qd7 13.h4 h6 14.Kg2 Nc6 15.c4 O-O
16.Rac1 Ba3 17.Rb1 dxc4 18.Qxc4 Rad8 19.Be3 Na5 20.Qd3 Be7 21.Qe4 Nc4 22.Rhc1 Nxe3+
23.fxe3 Qe6 24.Rxc7 Qxa2+ 25.Kh3 Bb4 26.Rbc1 a5 27.R1c6 Qf2 28.Qf4 h5 29.Ng5 Qg1
30.Qf3 Be1 31.Rc1 a4 32.Rxf7 Qf2 33.Qxf2 Bxf2 34.e6 Rc8 35.Rxc8 Rxc8 36.Rxf2 Rb8
37.e7 Re8 38.Rb2  1-0

[Event "Australian Open 2013"]
[Site "Cammeray AUS"]
[Date "2013.01.02"]
[Round "1.27"]
[White "Atzmon Simon,B"]
[Black "Kethro,Michael"]
[Result "1/2-1/2"]
[WhiteElo "2092"]
[BlackElo "1785"]

1.d4 Nf6 2.c4 e6 3.Nf3 b6 4.g3 Ba6 5.Nbd2 c5 6.Bg2 Bb7 7.O-O Be7 8.Re1 O-O
9.e4 cxd4 10.Nxd4 Nc6 11.N2b3 Nxd4 12.Qxd4 Ne8 13.Rd1 d6 14.Be3 Rc8 15.a4 Ba6
16.Nd2 Bf6 17.Qd3 Bxb2 18.Ra2 Bf6 19.Qb3 Qc7 20.Rc1 Be7 21.Bd4 Nf6 22.Rac2 Nd7
23.Qb2 Bf6 24.Nb3 Bxd4 25.Nxd4 Nc5 26.Qa3 Qd7 27.Nb5 Bb7 28.Re1 a6 29.Nd4 g6
30.Rb2 Qc7 31.Nc2 Rfd8 32.Reb1 Nd7 33.Ne3 Rb8 34.Qc3 e5 35.Qd2 Nc5 36.Ng4 Qe7
37.Rxb6 Nxa4 38.R6b4 Nc5 39.Qe3 h5 40.Nh6+ Kg7 41.g4 Qh4 42.g5 Qf4 43.Qxf4 exf4
44.e5 Rd7 45.exd6 f6 46.h4 fxg5 47.hxg5 Ne6 48.Rxb7 Rbxb7 49.Rxb7 Rxb7 50.Bxb7 a5
51.Bd5 Nc5 52.Bc6 Kf8 53.d7 Ke7 54.Kf1 a4 55.Nf7 Ne6 56.Bxa4 Kxf7 57.c5 Ke7
58.c6 Kd8 59.Bc2 Nxg5 60.Bxg6 h4 61.Bf5 Kc7 62.Kg2 Kd8  1/2-1/2

[Event "XXIII Krakow Open"]
[Site "Krakow POL"]
[Date "2013.01.03"]
[Round "8.14"]
[White "Sadzikowski,D"]
[Black "Gajek,R"]
[Result "1/2-1/2"]
[WhiteElo "2449"]
[BlackElo "2272"]

1.d4 Nf6 2.c4 e6 3.Nf3 b6 4.g3 Ba6 5.Qb3 Nc6 6.Nbd2 d5 7.Bg2 Be7 8.cxd5 exd5
9.Qa4 Bb7 10.Ne5 Qd6 11.Nd3 O-O 12.Nf3 a5 13.O-O Qd8 14.a3 Bd6 15.Bg5 h6
16.Bxf6 Qxf6 17.Rac1 Ne7 18.Nfe5 Rfd8 19.Bh3 Bc8 20.Bxc8 Raxc8 21.Nc6 Nxc6
22.Rxc6 Qf5 23.Rfc1 Qe4 24.R1c2 h5 25.Ne1 h4 26.Nf3 h3 27.Qb3 Re8 28.Qc3 f6
29.Ne1 f5 30.Qd3 Qg4 31.Nf3 f4 32.Ne5 Bxe5 33.dxe5 Rxe5 34.Rg6 Qd7 35.gxf4 Re4
36.Rg3 Rxf4 37.Rxh3 Re4 38.Rd2 Rce8 39.Rg3 c6 40.Qf3  1/2-1/2

[Event "11th Parsvnath Open"]
[Site "New Delhi IND"]
[Date "2013.01.05"]
[Round "2.7"]
[White "Kunte,A"]
[Black "Sangma,R"]
[Result "1/2-1/2"]
[WhiteElo "2510"]
[BlackElo "2365"]

1.d4 Nf6 2.Nf3 e6 3.c4 b6 4.g3 Ba6 5.Nbd2 Bb4 6.Qc2 Bb7 7.Bg2 Be4 8.Qd1 Bxd2+
9.Qxd2 O-O 10.O-O d6 11.b3 Nbd7 12.Bb2 a5 13.Rac1 Qe7 14.Rfd1 h6 15.Qc3 Rfd8
16.d5 Bxf3 17.exf3 e5 18.Re1 Re8 19.f4 Qf8 20.fxe5 Rxe5 21.Rxe5 Nxe5 22.Re1 Ned7
23.Qd2 Re8 24.Bd4 Rxe1+ 25.Qxe1 Qe8 26.Qxe8+ Nxe8 27.Kf1 Kf8 28.Ke2 Ke7 29.Ke3 Ndf6
30.h3 Nd7 31.Be4 g6 32.g4 Nef6 33.Bc2 Nf8 34.f4 g5 35.Kf3 Ne8 36.Be3 Kf6
37.fxg5+ hxg5 38.Bf5 Ng6 39.Ke4 Nh4 40.a3 Ng2 41.Bd2 Nh4 42.b4 axb4 43.axb4 Ng2
44.Kd4 Nh4 45.Be4 Ng6 46.Bc1 Ne5 47.Be3 Ng6 48.Bc1 Ne5 49.Be3 Ng6 50.Bc2 Ne5
51.Ba4 Ng7  1/2-1/2

[Event "25th Staufer Open"]
[Site "Schwaebisch Gmuend GER"]
[Date "2013.01.05"]
[Round "8.19"]
[White "Bartonicek,Z sr"]
[Black "Schild,C GER"]
[Result "1/2-1/2"]
[WhiteElo "2042"]
[BlackElo "2316"]

1.Nf3 Nf6 2.d4 e6 3.c4 b6 4.g3 Ba6 5.e3 Be7 6.b3 O-O 7.Bg2 d5 8.Nbd2 Nc6
9.O-O Rc8 10.Re1 Na5 11.Ne5 c5 12.Bb2 cxd4 13.Bxd4 dxc4 14.Ndxc4 Nxc4 15.bxc4 Qe8
16.Qb3 Bc5 17.Red1 Rc7 18.a4 Qc8 19.a5 Bb7 20.axb6 axb6 21.Bxb7 Qxb7 22.Bxc5 Rxc5
23.Nd3 Rf5 24.c5 b5 25.Rdb1 Qf3 26.Qc2 Ng4 27.Qd1 Nxh2 28.Qxf3 Nxf3+ 29.Kg2 Ne5
30.e4 Rh5 31.Nf4 Rg5 32.Nh3 Rh5 33.Nf4  1/2-1/2

[Event "11th Parsvnath Open"]
[Site "New Delhi IND"]
[Date "2013.01.07"]
[Round "4.16"]
[White "Laxman,R"]
[Black "Sangma,R"]
[Result "1-0"]
[WhiteElo "2443"]
[BlackElo "2365"]

1.Nf3 Nf6 2.c4 b6 3.d4 e6 4.g3 Ba6 5.Nbd2 Bb4 6.Qc2 Bb7 7.Bg2 Be4 8.Qb3 Bxd2+
9.Bxd2 d6 10.O-O Nbd7 11.Qe3 a5 12.b3 O-O 13.Bc3 Qe7 14.Rfd1 Rfe8 15.Bh3 c6
16.Ne1 h6 17.Nd3 b5 18.Qd2 Bxd3 19.Qxd3 bxc4 20.bxc4 d5 21.Rdb1 Qa3 22.c5 Ne4
23.Be1 Qxd3 24.exd3 Ng5 25.Bg4 Ra7 26.f4 Nh7 27.Rb3 g5 28.Rab1 Kf8 29.Bd1 f6
30.Rb7 Rxb7 31.Rxb7 Ke7 32.Ba4 Rc8 33.Bxa5 Nf8 34.Bc7 Ra8 35.Bd6+ Kd8 36.Bxc6 Rxa2
37.Bxd7  1-0

[Event "Australian Open 2013"]
[Site "Cammeray AUS"]
[Date "2013.01.11"]
[Round "9.36"]
[White "Drew,Phillip"]
[Black "Kethro,Michael"]
[Result "1/2-1/2"]
[WhiteElo "1889"]
[BlackElo "1785"]

1.d4 Nf6 2.Nf3 e6 3.c4 b6 4.g3 Ba6 5.b3 b5 6.cxb5 Bxb5 7.Nc3 Bc6 8.Bg2 d5
9.O-O Nbd7 10.Bf4 Be7 11.Rc1  1/2-1/2

[Event "Prague Open A 2013"]
[Site "Prague CZE"]
[Date "2013.01.11"]
[Round "3.18"]
[White "Stefansson,H"]
[Black "Hanl,Frantisek"]
[Result "1-0"]
[WhiteElo "2512"]
[BlackElo "1937"]

1.d4 Nf6 2.c4 e6 3.Nf3 b6 4.g3 Ba6 5.Qc2 d5 6.cxd5 exd5 7.Bg2 Bb4+ 8.Nc3 O-O
9.O-O Re8 10.Ne5 c5 11.Bg5 cxd4 12.Nxd5 Rxe5 13.Bxf6 gxf6 14.Nxb4 Rxe2 15.Qa4 Re5
16.Nxa6 Ra5 17.Qc4 b5 18.Qd5  1-0

[Event "Paul Keres Mem IM 2013"]
[Site "Tallin EST"]
[Date "2013.01.14"]
[Round "2.3"]
[White "Laurusas,T"]
[Black "Shishkov,A"]
[Result "1/2-1/2"]
[WhiteElo "2413"]
[BlackElo "2382"]

1.d4 Nf6 2.c4 e6 3.Nf3 b6 4.g3 Ba6 5.Qa4 c6 6.Bg2 b5 7.cxb5 cxb5 8.Qd1 Be7
9.O-O O-O 10.Ne5 d5 11.Nd2 Qb6 12.Nb3 Nbd7 13.Bg5 Rfe8 14.Nd3 b4 15.Rc1 Rac8
16.Ndc5 Bc4 17.Bxf6 Nxf6 18.Re1 Rc7 19.Na4 Qb8 20.Nbc5 Bb5 21.a3 bxa3 22.bxa3 Rec8
23.Rb1 Bxa4 24.Qxa4 Qa8 25.Nd3 Qc6 26.Qxc6 Rxc6 27.Ne5 R6c7 28.Rb3 Bd6 29.f4  1/2-1/2

[Event "PSC Cup 2013"]
[Site "Manila PHI"]
[Date "2013.01.17"]
[Round "6.7"]
[White "Abelgas,Roe"]
[Black "Bitoon,R"]
[Result "0-1"]
[WhiteElo "2170"]
[BlackElo "2411"]

1.d4 Nf6 2.c4 e6 3.Nf3 b6 4.g3 Ba6 5.Nbd2 Bb4 6.Qc2 Bb7 7.Bg2 c5 8.dxc5 Bxc5
9.O-O Nc6 10.a3 O-O 11.b4 Be7 12.e4 Qc7 13.Bb2 d6 14.Rfe1 Rac8 15.Rac1 a5
16.Qb3 Ng4 17.h3 Nge5 18.Nd4 Nxd4 19.Bxd4 Bc6 20.f4 Nd7 21.Bf2 Ra8 22.b5 Bb7
23.Qe3 Rfe8 24.Nb3 Rac8 25.a4 Qb8 26.e5 dxe5 27.fxe5 Ba3 28.Rc2 Bb4 29.Ree2 Red8
30.Nd4 Nc5 31.Bxb7 Qxb7 32.Nc6 Rxc6 33.bxc6 Qxc6 34.Kh2 Rd1 35.Bg1  0-1

[Event "5th Chennai Open 2013"]
[Site "Chennai IND"]
[Date "2013.01.19"]
[Round "7"]
[White "Ramnathan,B"]
[Black "Vigneshwaran,S"]
[Result "1-0"]
[WhiteElo "2260"]
[BlackElo "1947"]

1.d4 Nf6 2.c4 e6 3.Nf3 b6 4.g3 Ba6 5.Qa4 c6 6.Bg2 Bb7 7.O-O Be7 8.Nc3 O-O
9.Qc2 d5 10.Rd1 Nbd7 11.b3 Rc8 12.Bb2 c5 13.cxd5 Nxd5 14.Nxd5 Bxd5 15.e4 cxd4
16.Qe2 Bb7 17.Nxd4 Qe8 18.Nb5 Ba6 19.a4 Nc5 20.Qe3 Bxb5 21.axb5 Qxb5 22.Rxa7 Rfe8
23.Bf1 Qxb3 24.Qxb3 Nxb3 25.Rdd7 Kf8 26.Be5 Na5 27.Bc7 Ra8 28.Bxb6 Rxa7 29.Rxa7 Nc6
30.Rc7 Ne5 31.f4 Ng6 32.Rb7 Rc8 33.Bb5 Bd8 34.Bd4 Kg8 35.Kg2 Nf8 36.Be5 f6
37.Bd6 Ra8 38.Bc4 Rc8 39.Bb3 Rc3 40.Rb8  1-0

[Event "PSC Cup 2013"]
[Site "Manila PHI"]
[Date "2013.01.19"]
[Round "8.2"]
[White "Pascua,H"]
[Black "Bitoon,R"]
[Result "1-0"]
[WhiteElo "2386"]
[BlackElo "2411"]

1.d4 Nf6 2.c4 e6 3.Nf3 b6 4.g3 Ba6 5.Qc2 Bb7 6.Nc3 Bb4 7.Bg2 Be4 8.Qb3 Bxc3+
9.Qxc3 d6 10.O-O Nbd7 11.b3 O-O 12.Bb2 Qe7 13.Rad1 Rfe8 14.Rfe1 h6 15.Bf1 c5
16.Nd2 cxd4 17.Qxd4 e5 18.Qc3 Bb7 19.e4 Rac8 20.Qd3 Nc5 21.Qb1 Bc6 22.Bg2 a6
23.Nf1 b5 24.cxb5 axb5 25.b4 Na4 26.Ba1 g6 27.Ne3 Kh7 28.Qd3 Rcd8 29.Rc1 Qb7
30.Rc2 Re7 31.Rec1 Be8 32.f4 Qb6 33.Kh1 Qb8 34.Rd1 Rdd7 35.Rc6 Nb6 36.Rxd6 Nc4
37.fxe5 Nxe5 38.Qd4 Re6 39.Rxd7 Bxd7 40.Rf1 Qe8 41.Rxf6 Rxf6 42.Qxe5 Qxe5
43.Bxe5 Ra6 44.Nd5 Be6 45.Bf1 Rxa2 46.Bxb5 g5 47.Bf1 Ra4 48.Bd6 Ra1 49.Kg2 f5
50.Nc7 Bc8 51.e5 Bb7+ 52.Kf2 f4 53.gxf4 Ra2+ 54.Kg1 gxf4 55.e6 Be4 56.Bxf4  1-0

[Event "TCh-LTU 2013"]
[Site "Vilnius LTU"]
[Date "2013.01.19"]
[Round "1.4"]
[White "Dubinskas,K"]
[Black "Novikov,Vit"]
[Result "0-1"]
[WhiteElo "1979"]
[BlackElo "2322"]

1.d4 e6 2.Nf3 Nf6 3.c4 b6 4.g3 Ba6 5.Qc2 c5 6.Bg2 Bb7 7.d5 exd5 8.Nh4 Nc6
9.cxd5 Nb4 10.Qd1 Bxd5 11.Bxd5 Nbxd5 12.e4 Nc7 13.e5 Qe7 14.O-O Nfd5 15.Re1 Qe6
16.Qf3 g6 17.Ng2 Qc6 18.h4 Ne6 19.Bd2 Nd4 20.Qd1 Bg7 21.Na3 O-O 22.Nc2 Nxc2
23.Qxc2 Rfe8 24.f4 f6 25.exf6 Nxf6 26.Bc3 d5 27.Be5 d4 28.Bxd4 Qf3 29.Bf2 Ng4
30.Qb3+ Qxb3 31.axb3 a5 32.Kf1 Nh2+  0-1

[Event "5th Chennai Open 2013"]
[Site "Chennai IND"]
[Date "2013.01.20"]
[Round "8"]
[White "Murshed,N"]
[Black "Shetty,R"]
[Result "1-0"]
[WhiteElo "2476"]
[BlackElo "2248"]

1.d4 Nf6 2.c4 e6 3.Nf3 b6 4.g3 Ba6 5.Qb3 Nc6 6.Nbd2 Bb7 7.e4 d5 8.cxd5 exd5
9.e5 Ne4 10.Bd3 Bb4 11.O-O Nxd2 12.Nxd2 O-O 13.Nf3 f5 14.Bf4 Be7 15.h4 Qd7
16.Qa4 Nxe5 17.Qxd7 Nxd7 18.Bxc7 Rac8 19.Rac1 g6 20.Bb5 Nf6 21.a3 a6 22.Bd3 b5
23.Ne5 Ne8 24.Bb6 Nd6 25.Bc5 Rfd8 26.b3 Bf6 27.Bxd6 Rxd6 28.Rxc8+ Bxc8 29.Rc1 Bd7
30.Rc7 Be8 31.Kf1 f4 32.gxf4 Bxh4 33.f5 gxf5 34.Bxf5 Rf6 35.Ng4 Rc6 36.Bxh7+ Kf8
37.Rxc6 Bxc6 38.Ne5 Be8 39.Bg6 Be7 40.Bxe8 Kxe8 41.a4 bxa4 42.bxa4 Bd8 43.Ke2 Bb6
44.Ke3 Ke7 45.Nd3 a5 46.Nf4 Kd6 47.Ne2 Ke6 48.Kf4 Bd8 49.Nc3 Bf6 50.Nb5 Bh4
51.Kf3 Bf6 52.Kg4 Bh8 53.Kg5 Ke7 54.Kg6 Ke6 55.f4 Ke7 56.f5 Bf6 57.Na7 Bh8
58.Nc6+  1-0

[Event "5th Chennai Open 2013"]
[Site "Chennai IND"]
[Date "2013.01.20"]
[Round "8"]
[White "Prakash,G"]
[Black "Harihara,S"]
[Result "1-0"]
[WhiteElo "2266"]
[BlackElo "2102"]

1.d4 Nf6 2.c4 e6 3.Nf3 b6 4.g3 Ba6 5.Nbd2 Bb4 6.Qc2 c5 7.Bg2 Bb7 8.dxc5 Bxc5
9.O-O O-O 10.a3 a5 11.Nb3 Be7 12.Nbd4 Na6 13.b3 Rc8 14.Bb2 Be4 15.Qd1 d5
16.Ne5 Bxg2 17.Kxg2 dxc4 18.Nxc4 a4 19.f3 Bc5 20.Rc1 axb3 21.Nxb3 b5 22.Nxc5 Rxc5
23.Ne3 Nd5 24.Nxd5 Rxd5 25.Qb3 Nc5 26.Qc3 f6 27.Qe3 Qd6 28.Rc2 Nb7 29.Bc3 Re8
30.Bb4 Qe5 31.Qxe5 fxe5 32.Rfc1 Nd6 33.Bxd6 Rxd6 34.Rc7 e4 35.Rb7 exf3+ 36.exf3 Rd2+
37.Kh3 Rd5 38.Rcc7 Rh5+ 39.Kg2 Rg5 40.h4 Rg6 41.Rxb5 h6 42.f4 Ra8 43.h5 Rf6
44.Rbb7 Rxa3 45.Rxg7+ Kh8 46.Kh3 Ra5 47.Kg4 Ra8 48.Rh7+ Kg8 49.Rbg7+ Kf8
50.Rg6 Rxg6+ 51.hxg6 Kg8 52.Re7 Ra6 53.Kh5 Kf8 54.Rf7+ Kg8 55.Kxh6  1-0